| 000 | 00552cam a2200181 4500500 | ||
|---|---|---|---|
| 005 | 20260329003445.0 | ||
| 041 | _afre | ||
| 042 | _adc | ||
| 100 | 1 | 0 |
_ade Oliveira, Victorine _eauthor |
| 245 | 0 | 0 | _aAlex Vizorek. L’humour est son métier |
| 260 | _c2015. | ||
| 500 | _a58 | ||
| 690 | _aAlex Vizorek | ||
| 690 | _aBergson | ||
| 690 | _aRavel | ||
| 786 | 0 | _nPhilosophie magazine | 93 | 10 | 2015-10-01 | p. 74-74 | 1951-1787 | |
| 856 | 4 | 1 | _uhttps://shs.cairn.info/magazine-philosophie-magazine-2015-10-page-74?lang=fr&redirect-ssocas=7080 |
| 999 |
_c1824759 _d1824759 |
||